000 00818nam a2200265Ia 4500
003 OSt
005 20220918171353.0
006 a|||||r|||| 00| 0
007 ta
008 220917b |||||||| |||| 00| 0 eng d
020 _a9781555706906 (pbk)
_c4173.60
024 _a259,329
037 _bIN1560, 12/01/2012, Adity Books Pvt. Ltd.
_cTextual
040 _aARTS
_cARTS
_beng
041 _2eng
_aeng
082 _a2.73, N8;Q0
100 _aRubin Richard E
_936138
245 0 _aFoundations of library and information science
250 _a3rd ed
260 _aNew York
_bNeal-Schuman Publishers USA
_c2010
300 _axv,468p.
_ccm.
650 _aLIBRARY SCIENCE
942 _h2.73, N8;Q0
_cTEXL
_2CC
999 _c139241
_d139241